000 00339nam a2200133Ia 4500
005 20251222144911.0
008 251222s9999||||xx |||||||||||||| ||spa||
020 _a84-313-2261-6
082 _a237.9/S29
100 _aSchumacher, Bernard N.
245 0 _aUna FilosofĂ­a de la Esperanza:
264 _bUniversidad de Navarra
942 _cLIB
999 _c22347
_d22347